Air India's current,future and former fleet - Statistics

General Stats
  • This quiz has been taken 16 times
    13 since last reset
  • The average score is 13 of 46
Answer Stats
In Service Orders Aircrafts Years in Service % Correct
4 0 Airbus A320-200 1989-Present
100%
0 25 Airbus A350-1000 TBA
90%
6 19 Airbus A350-900 2024-Present
90%
0 10 Boeing 777-9 TBA
90%
6 0 Airbus A319-100 2007-Present
80%
94 90 Airbus A320 Neo 2016-Present
70%
13 0 Airbus A321-200 1996-Present
70%
14 210 Airbus A321 Neo 2023-Present
70%
27 0 Boeing 787-8 2012-Present
70%
7 20 Boeing 787-9 2012-Present
70%
19 0 Boeing 777-300ER 2007-Present
60%
8 0 Boeing 777-200LR 2007-Present
50%
0 0 Boeing 747-200B 1971-2004
30%
0 0 Boeing 747-400 1993-2024
30%
0 0 Boeing 777-200 2006-2010
30%
0 0 Airbus A330-200 2008-2015
20%
0 0 Boeing 737-200 2007-2011
20%
0 0 Boeing 747-300 2005-2007
20%
0 0 Boeing 747-300M 1988-2008
20%
0 0 Boeing 747-400M 2005-2008
20%
0 0 Boeing 757-200 2007-2007
20%
0 0 Douglas DC-2 1934-1940
20%
0 0 Douglas DC-3 1936-1970
20%
0 0 Douglas DC-4 1948-N/A
20%
0 0 Airbus A319-100 2009-2024
10%
0 0 Boeing 707-300C 1964-1990
10%
0 0 Boeing 707-400 1960-1984
10%
0 0 Boeing 777-200ER 2005-2011
10%
0 0 De Havilland Comet 1950-1950
10%
0 0 Douglas DC-8-60F 1977-1988
10%
0 0 Douglas DC-8-70F 1983-1995
10%
0 0 Lockheed L-011 Tristar 1995-1996
10%
0 0 Percival Petrel 1947-1960
10%
0 0 Waco YQC-6 1939-N/A
10%
0 0 Airbus A300B4-100 1994-1994
0%
0 0 Airbus A300B4-200 1982-2002
0%
0 0 Airbus A310-300 1986-2016
0%
0 0 Boeing 707-300B 1962-1989
0%
0 0 Boeing 767-300ER 2006-2008
0%
0 0 De Havilland Dragon Rapide 1930-1940
0%
0 0 De Havilland Fox Moth 1930-1930
0%
0 0 De Havilland Puss Moth 1929-1932
0%
0 0 IIlyushin II-62M 1989-1990
0%
0 0 Lockheed L-1049 Super Constellation 1956-1970
0%
0 0 Lockheed L-749 Constellation 1951-1972
0%
0 0 Vickers VC.1 Viking 1947-1960
0%
No matching quizzes found
Score Distribution
Percent of People with Each Score
Percentile by Number Answered
Your Score History
You have not taken this quiz since the last reset